000 01932nam0a2200325 4500
001 RU\NLR\bibl\1292415
005 20260405103416.0
010 _a978-5-8265-0684-4
_950
021 _aRU
_b2008-71851
_94113
035 _a(NLR Aleph) 001278080
090 _a481416
_c481416
100 _a20081107d2008 |||y0rusy50 ca
101 0 _arus
102 _aRU
105 _aa |||||||||
200 1 _aАппаратурно-технологическое оформление совмещенного процесса регенерации воздуха в индивидуальных средствах жизнеобеспечения
_eучебное пособие для студентов направления 150400 "Технологические машины и оборудование"
_fС.В. Гудков, С.И. Дворецкий, С.Б. Путин, В.П. Таров
_gМ-во образоавния и науки Рос. Федерации, ГОУ ВПО "Тамб. гос. техн. ун-т"
210 _aТамбов
_cИзд-во ТГТУ
_d2008
215 _a182 с.
_cил.
_d21
320 _aБиблиогр.: с. 170-173 (47 назв.)
606 1 _aДыхательная система
_jУчебные издания для высших учебных заведений
_xИндивидуальные средства защиты
_91802552
_3RU\NLR\auth\66812256
686 _aЖ.н605.3я73-1
701 1 _aГудков
_bС. В.
_gСергей Владимирович
_4070
701 1 _4070
_8rus
_7ca
_aДворецкий
_bС. И.
_gСтанислав Иванович
_3RU\NLR\auth\7739048
_922032
701 1 _aПутин
_bС. Б.
_gСергей Борисович
_4070
701 1 _4070
_8rus
_7ca
_aТаров
_bВ. П.
_gВладимир Петрович
_3RU\NLR\auth\7739055
_922039
801 0 _aRU
_bNLR
_c20081107
_gRCR
801 1 _aRU
_bNLR
_c20081107
942 _cBOOK
980 _aNB